00519nam a2200193Ia 4500003000400000005001700004008004100021020002200062040000700084041000800091082002300099100001700122245007000139250000600209260004300215300001700258365001300275650003700288OSt20230613105127.0210423s2018 xx 000 0 und d a978-81-224-3029-5 cAL aeng a541.223 223bNASS aNASIPURI (D) aStereochemistry of organic compounds: principles and applications a3 aNew DelhibNew Age Internationalc2018 axxii,537bPB b450cINR aPhysical & Theoretical Chemistry